000 00751nam a2200289Ia 4500
005 20260324115240.0
008 008 260324s9999 xx 000 0 eng d
020 _a9781315159942
037 _aEBOOK
040 _aCRL
040 _beng
040 _cCRL
041 _2eng
041 _aeng
084 _qCRL
100 _aMunther Younes; Elizabeth Huntley; Jonathan Featherstone; Makda Weatherspoon
_91153936
245 0 _aArabiyyat al-Naas fii MaSr (Part One)
245 3 _bAn Introductory Course in Arabic
260 _bTaylor and Francis
260 _c2019
365 _a
365 _b400
856 _uhttp://www.taylorfrancis.com/books/9781315159942
942 _cEBOOK
999 _c1744670
_d1744670